Κατάλογος Βιβλιοθηκών Mediterranean College

Windows Vista - Office 2007 / Part B (Record no. 5654)

MARC details
000 -LEADER
fixed length control field 01488cam a22001694a 4500
005 - ΗΜΕΡΟΜΗΝΙΑ ΚΑΙ ΩΡΑ ΤΕΛΕΥΤΑΙΑΣ ΕΝΗΜΕΡΩΣΗΣ
Πεδίο ελέγχου 20250605163511.0
008 - FIXED-LENGTH DATA ELEMENTS--GENERAL INFORMATION
Πεδίο ελέγχου σταθερού μήκους 250528s ||||||||||||||||||||||||d
035 ## - SYSTEM CONTROL NUMBER
System control number 20557
040 ## - ΠΗΓΗ ΚΑΤΑΛΟΓΟΓΡΑΦΗΣΗΣ
Φορέας πρωτότυπης καταλογογράφησης MC Athens Campus Library
Γλώσσα καταλογογράφησης Ελληνικά, Μοντέρνα (1453-)
Modifying agency MC Athens Campus Library
Κανόνες περιγραφικής καταλογογράφησης AACR2
245 1# - ΤΙΤΛΟΣ ΚΑΙ ΔΗΛΩΣΗ ΥΠΕΥΘΥΝΟΤΗΤΑΣ
Τίτλος Windows Vista - Office 2007 / Part B
260 ## - PUBLICATION, DISTRIBUTION, ETC.
Name of publisher, distributor, etc. Δημοσιογραφικός Οργανισμός Λαμπράκη,
Date of publication, distribution, etc. 2006
300 ## - PHYSICAL DESCRIPTION
Extent 314
520 ## - SUMMARY, ETC.
Summary, etc. Η απαραίτητη επτάτομη βιβλιοθήκη κάθε σύγχρονου χρήστη PC. Κανάλια Επικοινωνίας, Νέοι Ορίζοντες στη Δικτύωση, Internet για Όλους, Δικτυωθείτε και Μοιραστείτε, Χώρος Συνάντησης και Συνεργασίας, Απομακρυσμένη Διαχείριση, Δικλίδες Ασφαλείας, Κέντρο Ασφαλείας, Κέντρο Ασφαλείας με Θέα, Αποτελεσματική Διπρόσωπη Προστασία, Γενναίος Υποστηρικτής για τα Vista, Λογαριασμοί Χρήστη και Έλεγχος, Γονικός Έλεγχος, Επικοινωνία στη Νέα Εποχή, Πλοήγηση με τους Εναλλακτικούς, Το Ταχυδρομείο των Vista, Ο Άλλος Ταχυδρόμος, Ζωηρός Αγγελιοφόρος, Τεχνολογίες Δικτύωσης, Ασφάλεια από Μέσα.
942 ## - ADDED ENTRY ELEMENTS (KOHA)
Koha item type Books
Holdings
Τύπος τεκμηρίου Βιβλιοθήκη Τρέχουσα τοποθεσία Barcode Αριθμός εισαγωγής Ημερομηνία απόκτησης Ταξιθετικό σύμβολο Αριθμός αντιτύπου Κατάσταση απόσυρσης Κατάσταση χαμένου Κατάσταση κατεστραμμένου Μη δανεισμός Σύνολο δανεισμών Ημερομηνία τελευταίας εμφάνισης Η τιμή ισχύει από
Books MC Athens Campus Library MC Athens Campus Library 9780000056535 7035 05/06/2025 005.446 WIN V.6 1           05/06/2025 05/06/2025

MC Athens Campus Library
Πατησίων 94 & Κοδριγκτώνος 13, 104 34
Πελλήνης 8 & Πατησίων 107, 112 51
Τ: +30 210 8899600

MC Thessaloniki Campus Library
Ίωνος Δραγούμη 21, 54625 | Ίωνος Δραγούμη 15, 54625
Τ: +30 2310 287779 – Τ: +30 2314 440300